00342nam a2200109Ia 4500008004100000020000900041041000800050082002100058100003000079245009300109260003000202221007s9999 xx 000 0 und d a8717 aeng a658.155bMIT/SES aMaital S & Seshadri D V R aGlobal Risk/Global Opportunity : Ten Essential Tools For Tracking Minds, Markets & Money bResponse BooksaNew Delhi